000 00334nam a2200121Ia 4500
008 240731s9999 xx 000 0 und d
022 _a1568-5160
245 0 _aCritical Horizons : A Journal of Philosophy and Social Theory
260 _bRoutledge
856 _uhttps://www.tandfonline.com/loi/ycrh20
942 _2ddc
942 _cTFEJ
999 _c76100
_d76100
945 _a1
_bMadushi Gamage
_c1
_dMadushi Gamage